[Event "BCF-chT4 0607 (4NCL)"]
[Site "Sunningdale"]
[Date "2006.12.02"]
[Round "3.6"]
[White "Henbest, Kevin B"]
[Black "Iyengar, Ilya"]
[Result "0-1"]
[WhiteElo "1800"]
[BlackElo "1815"]
[PlyCount "64"]
[EventDate "2006.09.16"]
[EventType "team"]
[EventRounds "11"]
[EventCountry "ENG"]
[SourceTitle "EXT 2008"]
[Source "ChessBase"]
[SourceDate "2007.11.25"]
[SourceVersion "1"]
[SourceVersionDate "2007.11.25"]
[SourceQuality "1"]
[WhiteTeam "Oxford III"]
[BlackTeam "London Mstrs"]
[WhiteTeamCountry "ENG"]
[BlackTeamCountry "ENG"]

1. e4 c5 2. Nf3 e6 3. d3 Nc6 4. g3 d5 5. Qe2 Nge7 6. Bg2 g6 7. 0-0 Bg7 8. c3 0-0 9. Be3 d4 10. Bc1 b5 11. a3 Bb7 12. Re1 e5 13. cxd4 exd4 14. Nbd2 a6 15. Rb1 Re8 16. Qf1 Qa5 17. b3 Rab8 18. Bb2 Bh6 19. Red1 Qb6 20. g4 Bf4 21. Bc1 Qc7 22. Re1 g5 23. h3 Ng6 24. Qe2 Bc8 25. Nf1 f5 26. Bxf4 Nxf4 27. Qd2 fxg4 28. hxg4 h6 29. Rec1 Qd6 30. N1h2 Ne5 31. Nxe5 Qxe5 32. Bf3 Rf8 0-1